1376 1008 1217 1156 1541 1702 1434 1383 1891 1822 1702 1369 1496 1217 1940 1003 1225 1961 1551 1741 1248 1807 1065 1022 1587 1612 1645 1903 1532 1081 1995 1787 1096 1662 1865 1740 1845 1796 1735 1867 1663 1610 1459 1449 1633 1462 1615 1847 1998 1359 1911 1976 1645 1666 1591 1702 1010 1562 1824 1460 1541 1083 1171 1868 1439 1031 1325 1105 1779 1349 1303 1624 1361 1783 1196 1642 1164 1894 1656 1504 1988 1446 1542 1282 1323 1691 1682 1940 1501 1229 1964 1435 1596 1463 1090 1347 1503 1391 1345 BCNSPRNW ULIB Ver.6.0+V

เปลี่ยนเป็นภาษาไทย

Change to English
 แสดงรายละเอียดบรรณานุกรม
  กลับหน้าหลัก

Brief Record : Get Marc (ISO 2709) : E-mail record : QR code < ปิดหน้าต่าง
LEADER : 00000nam 2200000uu 4500
001    13399112564
003     ULIB
008    110825s2543||||th 000 0 tha d
020    9748790843
050 04 HQ769^bช154พ 2543
100 0  ชนิสา อรรถจินดา
245 10 พ่อแม่ไม่ได้อยู่ค้ำฟ้า :^bสำหรับพ่อแม่ที่ต้องการให้ลูกยิ่งกว่าความรัก /^cชนิสา อรรถจินดา
260    กรุงเทพฯ :^bIntructional Technology Center,^c[2543]
300    204 หน้า :^bภาพประกอบ
650  7 เด็ก^xการดูแล
650  7 จิตวิทยาเด็ก
945    ^p150^l0^i015376
945    ^p150^l0^i015377
945    ^p150^l0^i015378
995    ทศพร
999 ^a ใช้งานได้ทุกระบบ
รายการนี้ยังไม่มีแท็ก
คุณยังไม่ได้ล็อกอิน คุณสามารถมีกิจกรรมร่วมกับเว็บไซต์ได้ แต่ต้องล็อกอินก่อน ::
  ล็อกอิน

รายการสื่อสารสนเทศ

ลำดับที่ ประเภท เลขเรียก/บาร์โค้ด สถานที่ สถานะ
- ไม่พบข้อมูล -

รายการใกล้เคียง
    หัวเรื่อง [เด็ก การดูแล]
    หัวเรื่อง [จิตวิทยาเด็ก]

BibComment


ยังไม่เคยถูกคอมเมนท์

คอมเมนท์ทรัพยากรรายการนี้
  คอมเมนท์: พ่อแม่ไม่ได้อยู่ค..


 Copyright 2026. Bcnsprnw @Library